Normal view
MARC view
- الاسلام- حركات الاحياء والاصلاح والتجديد- العلماء المسلمون- تراجم
Entry Topical Term
001 - CONTROL NUMBER
- control field: 20323
003 - CONTROL NUMBER IDENTIFIER
- control field: JO-AjAnu
005 - DATE AND TIME OF LATEST TRANSACTION
- control field: 20230606073534.0
008 - FIXED-LENGTH DATA ELEMENTS
- fixed length control field: 230606|| aca||aabn | a|a d
040 ## - CATALOGING SOURCE
- Original cataloging agency: JO-AjAnu
- Transcribing agency: JO-AjAnu
150 ## - HEADING--TOPICAL TERM
- Topical term or geographic name entry element: الاسلام- حركات الاحياء والاصلاح والتجديد- العلماء المسلمون- تراجم
670 ## - SOURCE DATA FOUND
- Source citation: Work cat.: (JO-AjAnu)10435: جرار،حسني أدهم, author 20322, رواد الإصلاح والتغيير في العصر الحديث